Testimonios: voces y rostros de la reforma previsional
Guardat en:
| Autor corporatiu: | , |
|---|---|
| Format: | Llibre |
| Idioma: | espanyol |
| Publicat: |
Santiago
Ministerio del Trabajo y Previsión Social
2009
|
| Edició: | 1a. ed |
| Matèries: | |
| Etiquetes: |
Afegir etiqueta
Sense etiquetes, Sigues el primer a etiquetar aquest registre!
|
MARC
| LEADER | 00000nam a2200000 a 4500 | ||
|---|---|---|---|
| 001 | UCG2909 | ||
| 003 | CL-VaPUC | ||
| 008 | 100729e20090000CL |||||||||||||||||spa|d | ||
| 020 | |a 9789567657032 | ||
| 082 | 0 | 4 | |a 470.0791 |b MIN |2 21 |
| 110 | 2 | |a Ministerio del Trabajo y Previsión Social |e author |9 551574 | |
| 710 | 2 | |a Gobierno de Chile |e author |9 551575 | |
| 245 | 1 | 0 | |a Testimonios: voces y rostros de la reforma previsional |
| 250 | |a 1a. ed | ||
| 300 | |a 178 p | ||
| 942 | |c BK | ||
| 945 | |d 20100729 00:00:00 |a mfarfan | ||
| 260 | |a Santiago |b Ministerio del Trabajo y Previsión Social |c 2009 | ||
| 650 | 7 | |a REFORMA PREVISIONAL |2 CL-VaPUC |9 551576 | |
| 650 | 7 | |a JUBILADOS |2 CL-VaPUC |9 551577 | |
| 650 | 7 | |a SUELDOS |2 CL-VaPUC |9 312584 | |
| 650 | 7 | |a PENSIONES |2 CL-VaPUC |9 323807 | |
| 650 | 0 | |a Aspectos jurídicos |9 328188 | |
| 651 | 7 | |a CHILE |2 CL-VaPUC |9 551578 | |
| 583 | |a last modification |c 20100729 00:00:00 |k Rodrigo Vera | ||
| 999 | |c 342011 |d 342009 | ||
| 952 | |0 0 |1 0 |4 0 |6 470_079100000000000_MIN_2009 |7 0 |8 A |9 437950 |a BIBEDU |b BIBEDU |d 2019-11-22 |i 4700791 |o 470.0791 MIN 2009 |p 4700791 |r 2019-11-22 |w 2019-11-22 |y BK |k LIT | ||